00558nam a2200193 a 4500001001300000003000900013005001700022008004100039020001000080082001700090100001600107245006300123260005900186300000800245500003500253505002700288650003300315700001600348nice12345678IN_TiNIC20260116011654.0050524s1973 bana grp 000 0 eng  ac2.500a294.55bTHO1 aThomas, P T aSabarimalai and Its Sasthab Essay on the Ayyappa Movement aBangalorebChristian Instt.For Study of Religionc1973 a62p aincludes index and biblioraphy2 aAppendix, Bibliography aHinduism-Temples-Sabarimalai1 aThomas, P T